00500 2200205 4500001002100000005001500021008004100036020002200077035001900099041000700118082001000125090001600135100002100151245002500172250000900197260003800206300002300244500001000267650001700277INLIS00000000000236820241224112527241224||||||||| | ||| |||| || |  a978-979-29-1423-8 0010-1224002368 aid0 a621.8 a621.8 ACH m0 aach.muhib zainur00aMesin Pemindah Bahan aed.2 aYogyakartabcv. Andi offestc2010 axii,260hlm.; 23 cm acet.1 0ateknik mesin